| 000 | 00578nam a22001937a 4500 | ||
|---|---|---|---|
| 005 | 20170124110256.0 | ||
| 010 | _aA-354488 | ||
| 035 | _aA-354488 | ||
| 037 | _bCen Lib/Ret | ||
| 040 |
_aDPL _bEN |
||
| 082 |
_a603 _bSHA |
||
| 245 |
_aDictionary of technical terms / _cby Shalini Rani |
||
| 260 |
_bAnmol Publications _aDelhi _c1988 |
||
| 270 |
_bNew Delhi _a4378/4B Gali Murari Lal Ansari Road _e110002 |
||
| 300 |
_a352p. _c22cm(Hb) |
||
| 650 |
_aTechnical terms _vdictionary _920324 |
||
| 650 |
_aEnglish dictionary _92590 |
||
| 942 |
_2ddc _cEN _h603 _mSHA |
||
| 999 |
_c136223 _d136223 |
||